000 00484nam a22001937a 4500
003 CEME
005 20210628203255.0
008 210125b xxu||||| |||| 00| 0 eng d
020 _a97881265-14427
040 _c.
082 _a530 WAL
100 _aWalker , Jearl
_98685
245 _aFundamentals of physcis, halliday and resnick
250 _a8TH
260 _aINDIA
_bWILEY
_c2008
300 _a1297P
650 _aPHYSICS-PROBLEMS EXERCISES, ETC
_964442
942 _cBK
_2ddc
999 _c572927
_d572927